| 000 | 01252cam a22003497a 4500 | ||
|---|---|---|---|
| 003 | CHAP | ||
| 005 | 20220329142646.0 | ||
| 008 | 020814d2002 mx a r 00110 spa d | ||
| 010 | _a86090 | ||
| 011 | _a87062 | ||
| 035 | _a97603 | ||
| 040 | _cCHAP | ||
| 090 | _aTesis | ||
| 100 | 0 | 0 |
_aGalicia Peña, Alejandro. _944262 |
| 245 | 1 | 0 |
_aInducción de embriogénesis somática en noche buena (Euphorbia pulcherrima Willd.) _c/por Alejandro Galicia Peña |
| 260 |
_aChapingo, Méx. : _bEl autor, _c2002. |
||
| 300 |
_a50 h. ; _bgráfs. ; ilus. ; anexos |
||
| 502 | _aTesis (Ing. Agr. Esp. en Fitotecnia) -- UACH. Departamento de Fitotecnia | ||
| 590 |
_aALEPH _b10 _c20130110 _lUCH01 _h1448 |
||
| 590 |
_aBATCH-UPD _b10 _c20130110 _lUCH01 _h1435 |
||
| 590 |
_aBATCH-UPD _b10 _c20130410 _lUCH01 _h0910 |
||
| 590 |
_aBATCH-UPD _b10 _c20130914 _lUCH01 _h1115 |
||
| 590 |
_aCONVERSION _b10 _c20130109 _lUCH01 _h1348 |
||
| 650 | 1 | 4 |
_aCultivo de tejidos. _930213 |
| 650 | 1 | 4 |
_aFlor de nochebuena. _941304 |
| 650 | 1 | 4 |
_aFlor de nochebuena _xPropagación. _941312 |
| 901 | _aBK | ||
| 905 | _aMayto Villalobos S. | ||
| 942 | _cFOLL | ||
| 949 |
_aTesis _bBC _cTES _d33724000849758 _eTS2 _fc.2 _h39579 _i97603 _si |
||
| 949 |
_aTesis _bBC _cTES _d97603123 _eTS1 _h39578 _i97603 _sb |
||
| 999 |
_c86090 _d86090 |
||